Open Data Biblioteca Nacional de Portugal


República Portuguesa: Ministério da Cultura
Biblioteca Nacional de Portugal

Catálogo da BNP: acesso por Identificadores Unívocos
Registos Bibliográficos associados ao registo de autoridade

Etiqueta de registo: 01457nbm 2200265 450
001 1890837
003 http://id.bnportugal.gov.pt/bib/catbnp/1890837
100 ## $a20141211d1695 k y0pory01030103ba
101 0# $apor$aesp
105 ## $ay z 000yy
106 ## $ah
200 1# $aReglamento general, y ordenanzas del conselo de Inquisicion de Portugal para todos los crimenes de heregios y demas errores con les interrogatorios á los reos; formula de sus processos, y sentencia de elles$bManuscrito]
210 #1 $d[1695]
215 ## $a[23], 229 f. enc.,$d32 cm
300 ## $aCópias
304 ## $aTexto em português e espanhol
306 ## $aEncadernação com lombada descolada
307 ## $aFolhas em branco
307 ## $aManchado pela ação da humidade
307 ## $aEncadernação em pastas de cartão, revestida a pergaminho, com vestigios de atilhos; corte salpicado
317 ## $aMarca de posse: "Este manuscrito estaba entre los libros do Dr. Agustin Sanchez Cabello, Ministro de la Junta de Com[érci]o Y Moneda, y antes Consul en Havre de Grace y en Portugal ..." ([f. 2])
317 ## $aMarca de posse da Biblioteca de Sir Thomas Phillipps: carimbo do brasão com a inscrição "Sir TP / Middle Hill", com o número do manuscrito adicionado à mão abaixo "2186 "; anotação manuscrita "1375 Mss Phillipipes" (guardas)
317 ## $a"Sotheby's / Nº 1353 / L 40" (a lápis na guarda)
327 1# $a"Regras geraes p[ar]a julgar ho crime de judeismo" (f. [3-10])$a"Index de tudo o q[ue] se conthen neste caderno no q[ue] pertence aos nottarios" (inicia no f. [11-])$acartas sobre Isabel Fernandes acusada de judaismo (final do códice)
516 ## $aCurioso, míra-me y no me toques, que soy de contrabando
702 #1 $aPhillipps,$bThomas,$f1792-1872$4390$31386045
702 #1 $aSanchez Cabello.$bAugustin,$f?-1797$4390$31595203
710 02 $aInquisição$c(Portugal)$398050
801 #0 $aPT$bBN$gRPC
856 40 $uhttps://purl.pt/47437
856 41 $uhttps://purl.pt/47437/service/media/cover/low
856 49 $uhttps://purl.pt/47437/service/media/pdf$qapplication/pdf
958 ## $aBND$bLivre$cDigitalizado$d1$ehttps://purl.pt/47437/service/media/cover/max
966 ## $lBN$mRESMAN$pBiblioteca de Sir Thomas Phillipps$sCOD. 11043
972 ## $e2$z0$d20260508$vmrosario
995 ## $aPRR2022 $d20231115$idfontes$zBND

OpendataBNP@bnportugal.pt | Mais informação sobre acesso aos dados BNP